| 000 | 00423cam a2200193 4500 | ||
|---|---|---|---|
| 001 | D13403 | ||
| 008 | 090401t1966 xxu||||| |||| 00| 0 eng d | ||
| 035 | _a(Sirsi) u9542 | ||
| 041 | _aeng | ||
| 100 | _aMegarry, R.E. | ||
| 245 | 4 | _aThe law of real property | |
| 250 | _a3rd | ||
| 260 |
_bStevens & Sons _c1966 |
||
| 350 | _a0 | ||
| 520 | _aShelf 132 | ||
| 700 | _aWade, H.W.R. | ||
| 942 | _n0 | ||
| 948 | _c04/03/1997 | ||
| 999 |
_c86638 _d86638 |
||